| 000 | 00972cam a2200289 a 4500 | ||
|---|---|---|---|
| 020 | _a0716602989 | ||
| 082 | 0 | 0 |
_a423 _bWOR _cN-40, P-63 |
| 245 | 0 | 4 | _aThe World Book dictionary. |
| 260 |
_aChicago : _bWorld Book, _cc2001. |
||
| 300 |
_a2 v. (2430 p.) : _bill. ; _c29 cm. |
||
| 526 |
_a0 _b0 _c0 _d423_000000000000000_WOR |
||
| 526 |
_a0 _b0 _c0 _d423_000000000000000_WOR |
||
| 526 |
_a0 _b0 _c0 _d423_000000000000000_WOR |
||
| 526 |
_a0 _b0 _c0 _d423_000000000000000_WOR |
||
| 526 |
_a0 _b0 _c0 _d423_000000000000000_WOR |
||
| 526 |
_a0 _b0 _c0 _d423_000000000000000_WOR |
||
| 526 |
_a0 _b0 _c0 _d423_000000000000000_WOR |
||
| 526 |
_a0 _b0 _c0 _d423_000000000000000_WOR |
||
| 526 |
_a0 _b0 _c0 _d423_000000000000000_WOR |
||
| 526 |
_a0 _b0 _c0 _d423_000000000000000_WOR |
||
| 526 |
_a0 _b0 _c0 _d423_000000000000000_WOR |
||
| 526 |
_a0 _b0 _c0 _d423_000000000000000_WOR |
||
| 650 | 0 | _aEnglish language | |
| 650 | 0 |
_aNUST _96342 |
|
| 710 | 2 |
_aWorld Book, Inc. _929135 |
|
| 942 |
_2ddc _cBK |
||
| 999 |
_c549394 _d549394 |
||